00630naa a2200169 i 4500001000400000003000400004005001700008008003900025040000800064080001000072100013600082245007500218260001000293500004200303650003600345773007900381BPPBPK20160411124856.0140604s2004 pl f |000 0 pol cBPK a621.7 aBIL, Tadeusz.d1996 - .bPolitechnika Koszalińska - Wydział Mechaniczny,cKatedra Inżynierii Spożywczej i Tworzyw Sztucznych aModelowanie elementarnych mechanizmów przestrzennych /cTadeusz Bil. c2004. aDane z bibliografii załącznikowej. 0aMaszyny - budowa i konstrukcje. iW :tTeoria maszyn i mechanizmów. T. 1. -dKraków, 2004. -gs. 167-172